000 00287nam a22001217a 4500
008 170616b xxu||||| |||| 00| 0 eng d
041 _aeng
080 _a94(4)
100 _a20
101 _aSHP
245 _aRUSSIAN REVOLUTION LEMINISM OR MARKISM
_cLUXEMBURG.R
942 _2udc
_cBK
999 _c17689
_d17689